00825nam a22002297a 4500001000400000003000600004005001700010008004100027020001800068040002900086050000800115082001100123100001700134245005900151260002500210300001900235490003200254505000600286520026700292521001800559521001800577323FISKH20230321131148.0230321b cb ||||| |||| 00| 0 eng d a9781409392217 aFISKHbengcFISKHdFISKH aPZ7 a823.92 aBehrent, Sue aZoshling encountersbMusic Island MissionscT Shrewman aLondonbPuffinc2013 a142 p.c20 cm. aMusic Island Missionsvv. 1 aK aElder Furi has disappeared, a strange new star appears to be growing in the sky above Monstro City and an unidentified flying object has crash-landed on Music Island. It's time for the Super Moshis to investigate in this brand new Moshi Monsters fiction series! 8 a600 bLexile8 aK bRaz-Plus